[Event "BCF-chT3Sa 1617 (4NCL)"]
[Site "England"]
[Date "2017.02.12"]
[Round "6.13"]
[White "Fraser Mitchell, Jeremy N"]
[Black "Richmond, Jane"]
[Result "1/2-1/2"]
[WhiteElo "2077"]
[BlackElo "2126"]
[PlyCount "62"]
[EventDate "2016.11.26"]
[EventType "team-tourn"]
[EventRounds "11"]
[EventCountry "ENG"]
[SourceTitle "EXT 2019"]
[Source "ChessBase"]
[SourceDate "2018.10.10"]
[SourceVersion "1"]
[SourceVersionDate "2018.10.10"]
[SourceQuality "1"]
[WhiteTeam "MK Phoenix"]
[BlackTeam "Brown Jack"]
[WhiteTeamCountry "ENG"]
[BlackTeamCountry "ENG"]

1. d4 Nf6 2. c4 e6 3. Nc3 Bb4 4. f3 c5 5. d5 b5 6. e4 d6 7. Bg5 h6 8. Bh4 0-0 9. Bd3 Bb7 10. Nge2 bxc4 11. Bxc4 exd5 12. Bxd5 Bxd5 13. Bxf6 Qxf6 14. Qxd5 Nd7 15. 0-0 Rab8 16. Rab1 Ne5 17. a3 Ba5 18. h3 Rfc8 19. f4 Nc6 20. e5 dxe5 21. fxe5 Qxe5 22. Qxf7+ Kh7 23. Nf4 Bxc3 24. bxc3 Rxb1 25. Rxb1 Rc7 26. Qg6+ Kg8 27. Rf1 Ne7 28. Qd3 Rc6 29. Qd8+ Kh7 30. Qd3+ Kg8 31. Qd8+ Kh7 1/2-1/2

[Event "BCF-chT3Sa 1617 (4NCL)"]
[Site "England"]
[Date "2016.11.26"]
[Round "1.45"]
[White "Rosen, Daniel B"]
[Black "Fraser Mitchell, Jeremy N"]
[Result "1/2-1/2"]
[WhiteElo "2043"]
[BlackElo "2077"]
[PlyCount "42"]
[EventDate "2016.11.26"]
[EventType "team-tourn"]
[EventRounds "11"]
[EventCountry "ENG"]
[SourceTitle "EXT 2019"]
[Source "ChessBase"]
[SourceDate "2018.10.10"]
[SourceVersion "1"]
[SourceVersionDate "2018.10.10"]
[SourceQuality "1"]
[WhiteTeam "Poisoned Pawns"]
[BlackTeam "MK Phoenix"]
[WhiteTeamCountry "ENG"]
[BlackTeamCountry "ENG"]

1. e4 e6 2. d4 d5 3. Nc3 Bb4 4. Nge2 dxe4 5. a3 Bxc3+ 6. Nxc3 e5 7. dxe5 Qxd1+ 8. Nxd1 Nc6 9. Bf4 Nge7 10. Bg3 Ng6 11. Bb5 Bd7 12. Bxc6 Bxc6 13. e6 0-0-0 14. exf7 Rhf8 15. Ne3 Rxf7 16. 0-0 h5 17. h3 Nf4 18. Bxf4 Rxf4 19. Rad1 Rff8 20. Rxd8+ Rxd8 21. Rd1 Rxd1+ 1/2-1/2

[Event "WchT Seniors 50"]
[Site "Radebeul"]
[Date "2016.07.02"]
[Round "7.15"]
[White "Fraser Mitchell, Jeremy N"]
[Black "Mai, Iris"]
[Result "0-1"]
[WhiteElo "2061"]
[BlackElo "2094"]
[PlyCount "96"]
[EventDate "2016.06.26"]
[EventType "team-swiss"]
[EventRounds "9"]
[EventCountry "GER"]
[SourceTitle "CBM 173 Extra"]
[Source "ChessBase"]
[SourceDate "2016.08.29"]
[SourceVersion "1"]
[SourceVersionDate "2016.08.29"]
[SourceQuality "1"]
[WhiteTeam "England III"]
[BlackTeam "Germany (Women)"]
[WhiteTeamCountry "ENG"]
[BlackTeamCountry "GER"]

1. d4 d5 2. Nf3 Nf6 3. e3 c5 4. b3 cxd4 5. exd4 Bg4 6. Bd3 e6 7. 0-0 Be7 8. Nbd2 Nc6 9. Bb2 0-0 10. a3 Rc8 11. Qe1 Bh5 12. Ne5 Qb6 13. Nxc6 Rxc6 14. f4 Rc7 15. Rc1 Bg6 16. Qe2 Bxd3 17. Qxd3 Rfc8 18. Kh1 g6 19. h3 Bf8 20. g4 Bg7 21. Kg2 Rc6 22. Rf2 Qc7 23. c3 Ne8 24. Rcf1 Nd6 25. a4 a6 26. Re2 b5 27. axb5 axb5 28. Nf3 Ne4 29. c4 bxc4 30. bxc4 Rxc4 31. Ne5 Rc2 32. Kf3 Rxe2 33. Qxe2 Rb8 34. Rc1 Rb3+ 35. Kg2 Qb7 36. Rc2 h5 37. Nd3 Qb5 38. Nc1 Rg3+ 39. Kh2 Qb8 40. Nd3 hxg4 41. hxg4 Qb5 42. Nc5 Qxe2+ 43. Rxe2 Rxg4 44. Nxe4 dxe4 45. Rxe4 g5 46. Bc1 gxf4 47. Kh3 Rg3+ 48. Kh2 Rd3 0-1